[Event "Prague op"]
[Site "Prague"]
[Date "2025.03.06"]
[Round "8"]
[White "Isik, Alparslan"]
[Black "Stinka, Jakub"]
[Result "1-0"]
[WhiteElo "2477"]
[BlackElo "2377"]
[PlyCount "93"]
[EventDate "2025.02.27"]
[EventType "swiss"]
[EventRounds "9"]
[EventCountry "CZE"]
[SourceTitle "CB11_2025"]
[SourceDate "2025.03.12"]
[SourceVersion "1"]
[SourceVersionDate "2025.03.12"]
[SourceQuality "1"]

1. e4 e5 2. Nf3 Nf6 3. Nxe5 d6 4. Nd3 Nxe4 5. Qe2 Qe7 6. Nf4 Nf6 7. d4 Qxe2+ 8. Bxe2 Nc6 9. c3 d5 10. f3 h5 11. Bd3 Bd6 12. Kf2 Ne7 13. Re1 Bd7 14. Na3 c6 15. h4 0-0-0 16. Nc2 Bf5 17. Ne3 Bxd3 18. Nxd3 Rde8 19. g3 Nd7 20. Ng2 Nf5 21. Bf4 g6 22. Bxd6 Nxd6 23. Ngf4 Nf5 24. Rxe8+ Rxe8 25. Rh1 Nh6 26. Ng2 Nf5 27. g4 Ng7 28. Ngf4 Rh8 29. Kg2 Kc7 30. b3 Kd6 31. c4 dxc4 32. bxc4 b6 33. Nf2 Nf6 34. N4d3 Ne6 35. g5 Nd7 36. Ne4+ Kc7 37. d5 cxd5 38. cxd5 Nec5 39. Rc1 Re8 40. Kf2 Kb8 41. Ndxc5 Nxc5 42. Nxc5 bxc5 43. Rxc5 Re5 44. f4 Re4 45. Kf3 Ra4 46. d6 Rxa2 47. Ke4 1-0

[Event "Prague op"]
[Site "Prague"]
[Date "2025.03.04"]
[Round "6"]
[White "Noe, Christopher"]
[Black "Stinka, Jakub"]
[Result "1/2-1/2"]
[WhiteElo "2511"]
[BlackElo "2377"]
[PlyCount "75"]
[EventDate "2025.02.27"]
[EventType "swiss"]
[EventRounds "9"]
[EventCountry "CZE"]
[SourceTitle "CB11_2025"]
[SourceDate "2025.03.12"]
[SourceVersion "1"]
[SourceVersionDate "2025.03.12"]
[SourceQuality "1"]

1. d4 Nf6 2. c4 e6 3. Nc3 Bb4 4. Bd2 0-0 5. e3 d5 6. Nf3 b6 7. cxd5 exd5 8. Bd3 Ba6 9. Bxa6 Nxa6 10. 0-0 c5 11. Qa4 Qc8 12. dxc5 bxc5 13. Rac1 Qb7 14. Rfd1 Rfd8 15. Ne5 Rac8 16. Qb5 Qb6 17. Qxb6 axb6 18. Na4 Bxd2 19. Rxd2 Ne4 20. Rdd1 f6 21. f3 Nd6 22. Ng4 h5 23. Nf2 Nc4 24. e4 b5 25. Rxd5 Rxd5 26. exd5 Ne3 27. Nb6 Rb8 28. Nd7 Rc8 29. Nb6 Rb8 30. Nd7 Rc8 31. Ne4 c4 32. a4 bxa4 33. d6 Rd8 34. Nb6 f5 35. Kf2 fxe4 36. Kxe3 exf3 37. gxf3 Rxd6 38. Nxc4 1/2-1/2

[Event "Prague op"]
[Site "Prague"]
[Date "2025.03.03"]
[Round "5"]
[White "Stinka, Jakub"]
[Black "Agmanov, Zhandos"]
[Result "1/2-1/2"]
[WhiteElo "2377"]
[BlackElo "2469"]
[PlyCount "40"]
[EventDate "2025.02.27"]
[EventType "swiss"]
[EventRounds "9"]
[EventCountry "CZE"]
[SourceTitle "CB11_2025"]
[SourceDate "2025.03.12"]
[SourceVersion "1"]
[SourceVersionDate "2025.03.12"]
[SourceQuality "1"]

1. d4 Nf6 2. c4 g6 3. Nf3 Bg7 4. g3 0-0 5. Bg2 d6 6. 0-0 Bf5 7. Nc3 Ne4 8. Nxe4 Bxe4 9. Be3 c5 10. Qd2 Qb6 11. Rfd1 Nc6 12. Rac1 Rfd8 13. d5 Bxf3 14. Bxf3 Ne5 15. Be4 Qa6 16. b3 Qa3 17. Bg5 Re8 18. h4 a5 19. Kg2 a4 20. Rb1 axb3 1/2-1/2

[Event "CZE-chT1W 2425"]
[Site "Czech Republic"]
[Date "2025.02.16"]
[Round "8.2"]
[White "Rydl, Jiri"]
[Black "Stinka, Jakub"]
[Result "1/2-1/2"]
[WhiteElo "2410"]
[BlackElo "2355"]
[PlyCount "65"]
[EventDate "2024.10.20"]
[EventType "team-tourn"]
[EventRounds "11"]
[EventCountry "CZE"]
[SourceTitle "CB16_2025"]
[SourceDate "2025.04.16"]
[SourceVersion "1"]
[SourceVersionDate "2025.04.16"]
[SourceQuality "1"]
[WhiteTeam "Vlasim Spartak"]
[BlackTeam "Pisek"]
[WhiteTeamCountry "CZE"]
[BlackTeamCountry "CZE"]

1. Nf3 Nf6 2. b3 d5 3. Bb2 e6 4. e3 c5 5. Bb5+ Bd7 6. a4 Nc6 7. 0-0 Be7 8. Ne5 Nxe5 9. Bxe5 0-0 10. Nc3 a6 11. Be2 Bc6 12. d4 Nd7 13. Bg3 f5 14. f3 f4 15. exf4 cxd4 16. Na2 Bd6 17. Nc1 Bxf4 18. Bxf4 Rxf4 19. Nd3 Rf6 20. f4 Qb6 21. b4 Nf8 22. a5 Qc7 23. Ne5 Nd7 24. Qxd4 Nxe5 25. fxe5 Rxf1+ 26. Rxf1 Bb5 27. Bxb5 axb5 28. c3 Rc8 29. Rf3 Qc4 30. Qb6 Qc6 31. Qe3 Qd7 32. h3 Qe7 33. Qb6 1/2-1/2

[Event "CZE-chT1W 2425"]
[Site "Czech Republic"]
[Date "2025.02.02"]
[Round "7.2"]
[White "Stinka, Jakub"]
[Black "Cernousek, Lukas"]
[Result "0-1"]
[WhiteElo "2355"]
[BlackElo "2448"]
[PlyCount "66"]
[EventDate "2024.10.20"]
[EventType "team-tourn"]
[EventRounds "11"]
[EventCountry "CZE"]
[SourceTitle "CB16_2025"]
[SourceDate "2025.04.16"]
[SourceVersion "1"]
[SourceVersionDate "2025.04.16"]
[SourceQuality "1"]
[WhiteTeam "Pisek"]
[BlackTeam "Unichess MGMBA"]
[WhiteTeamCountry "CZE"]
[BlackTeamCountry "CZE"]

1. e4 c5 2. Nf3 d6 3. d4 Nf6 4. Nc3 cxd4 5. Nxd4 a6 6. Bg5 e6 7. f4 Qb6 8. a3 Nc6 9. Nb3 Be7 10. Qd2 0-0 11. Be2 Rd8 12. 0-0-0 Qc7 13. Bf3 b5 14. g4 Rb8 15. h4 b4 16. axb4 Rxb4 17. Kb1 Bb7 18. h5 Rb8 19. h6 g6 20. Na2 Nxe4 21. Bxe4 Rxe4 22. Bxe7 Nxe7 23. Nc3 Rc4 24. Rhe1 Nd5 25. Ne4 Rc8 26. Re2 Qb6 27. Qa5 Rb4 28. Qxb6 Rxb6 29. Rf1 Rc4 30. Nbd2 Rcb4 31. b3 f5 32. gxf5 exf5 33. c3 fxe4 0-1

[Event "CZE-chT1W 2425"]
[Site "Czech Republic"]
[Date "2025.01.05"]
[Round "5.2"]
[White "Stinka, Jakub"]
[Black "Kusa, Jakub"]
[Result "1/2-1/2"]
[WhiteElo "2355"]
[BlackElo "2402"]
[PlyCount "49"]
[EventDate "2024.10.20"]
[EventType "team-tourn"]
[EventRounds "11"]
[EventCountry "CZE"]
[SourceTitle "CB16_2025"]
[SourceDate "2025.04.16"]
[SourceVersion "1"]
[SourceVersionDate "2025.04.16"]
[SourceQuality "1"]
[WhiteTeam "Pisek"]
[BlackTeam "Vysehrad"]
[WhiteTeamCountry "CZE"]
[BlackTeamCountry "CZE"]

1. e4 e5 2. Nf3 Nc6 3. Bb5 Nf6 4. 0-0 Nxe4 5. Re1 Nd6 6. Nxe5 Be7 7. Bf1 Nxe5 8. Rxe5 0-0 9. d4 Bf6 10. Re1 Re8 11. c3 Rxe1 12. Qxe1 Ne8 13. Bf4 d5 14. Bd3 g6 15. Nd2 Ng7 16. Nf3 Bf5 17. Bxf5 Nxf5 18. Qe2 c6 19. Re1 Ng7 20. Be5 Ne6 21. g3 Kg7 22. h4 Bxe5 23. Nxe5 Qf6 24. h5 Qf5 25. hxg6 1/2-1/2

[Event "CZE-chT1W 2425"]
[Site "Czech Republic"]
[Date "2024.11.24"]
[Round "3.2"]
[White "Stinka, Jakub"]
[Black "Kawulok, Marek"]
[Result "0-1"]
[WhiteElo "2355"]
[BlackElo "2204"]
[PlyCount "68"]
[EventDate "2024.10.20"]
[EventType "team-tourn"]
[EventRounds "11"]
[EventCountry "CZE"]
[SourceTitle "CB16_2025"]
[SourceDate "2025.04.16"]
[SourceVersion "1"]
[SourceVersionDate "2025.04.16"]
[SourceQuality "1"]
[WhiteTeam "Pisek"]
[BlackTeam "Neratovice"]
[WhiteTeamCountry "CZE"]
[BlackTeamCountry "CZE"]

1. c4 Nf6 2. Nc3 e5 3. g3 Bc5 4. Bg2 c6 5. Nf3 e4 6. Ng5 d5 7. d4 Bb6 8. 0-0 h6 9. Nh3 dxc4 10. e3 0-0 11. Nf4 Bf5 12. Nh5 Nbd7 13. Nxf6+ Nxf6 14. Qa4 c5 15. d5 Nxd5 16. Nxe4 Nb4 17. a3 Qe7 18. Nc3 Nc2 19. Rb1 Bd3 20. Rd1 Rad8 21. Bd2 Qd7 22. Qxd7 Rxd7 23. Nd5 Rfd8 24. Nxb6 axb6 25. Bc3 Nxa3 26. bxa3 Bxb1 27. Rxb1 Rd1+ 28. Rxd1 Rxd1+ 29. Bf1 Rc1 30. Bb2 Rc2 31. Be5 f6 32. Bc7 c3 33. Bc4+ Kh8 34. Kf1 Rb2 0-1

[Event "CZE-chT1W 2425"]
[Site "Czech Republic"]
[Date "2024.11.10"]
[Round "2.2"]
[White "Eret, Matous"]
[Black "Stinka, Jakub"]
[Result "1/2-1/2"]
[WhiteElo "2295"]
[BlackElo "2355"]
[PlyCount "84"]
[EventDate "2024.10.20"]
[EventType "team-tourn"]
[EventRounds "11"]
[EventCountry "CZE"]
[SourceTitle "CB16_2025"]
[SourceDate "2025.04.16"]
[SourceVersion "1"]
[SourceVersionDate "2025.04.16"]
[SourceQuality "1"]
[WhiteTeam "Pankrac"]
[BlackTeam "Pisek"]
[WhiteTeamCountry "CZE"]
[BlackTeamCountry "CZE"]

1. c4 e5 2. a3 d6 3. g3 f5 4. Bg2 Nf6 5. Nc3 Be7 6. d3 0-0 7. Nf3 c6 8. Qc2 Na6 9. b4 Nc7 10. 0-0 Qe8 11. c5 Kh8 12. cxd6 Bxd6 13. e4 Qh5 14. exf5 Bxf5 15. Nh4 Be6 16. Ne4 Be7 17. Bg5 Nb5 18. Qd1 Bg4 19. f3 Be6 20. f4 Qxd1 21. Rfxd1 exf4 22. gxf4 a5 23. Nc5 Bxc5+ 24. bxc5 Nd5 25. Rf1 Ne3 26. Rf2 Nxg2 27. Kxg2 Rae8 28. f5 Bd5+ 29. Kg3 Kg8 30. f6 h6 31. Bd2 Rxf6 32. Rxf6 gxf6 33. Nf5 Re2 34. Bxa5 Rg2+ 35. Kh3 Rg5 36. Ng3 Be6+ 37. Kh4 Nd4 38. Rf1 f5 39. Rf4 Rg4+ 40. Rxg4+ fxg4 41. Ne4 Nf3+ 42. Kg3 Ne5 1/2-1/2

[Event "Pardubice Czech op-A 35th"]
[Site "Pardubice"]
[Date "2024.07.27"]
[Round "9"]
[White "Stinka, Jakub"]
[Black "Dubinski, Mateusz"]
[Result "1-0"]
[WhiteElo "2345"]
[BlackElo "2211"]
[PlyCount "73"]
[EventDate "2024.07.19"]
[EventType "swiss"]
[EventRounds "9"]
[EventCountry "CZE"]
[SourceTitle "CBM 221 Extra"]
[Source "ChessBase"]
[SourceDate "2024.09.30"]
[SourceVersion "1"]
[SourceVersionDate "2024.09.30"]
[SourceQuality "1"]

1. d4 Nf6 2. c4 e6 3. Nc3 Bb4 4. e3 0-0 5. Bd3 c5 6. Nge2 cxd4 7. exd4 d5 8. cxd5 Nxd5 9. 0-0 Nc6 10. Bc2 Bd6 11. Nxd5 exd5 12. Bf4 Bg4 13. f3 Bh5 14. Bxd6 Qxd6 15. Qd2 Bg6 16. Bb3 f6 17. Rac1 Bf7 18. Ba4 Ne7 19. Rc5 Nc8 20. Bb3 Nb6 21. Qf4 Qe7 22. Ng3 g5 23. Qd2 Nc4 24. Bxc4 dxc4 25. Re1 Qd7 26. Ne4 Bg6 27. Rxc4 Rad8 28. Nc3 Bf7 29. d5 b5 30. Rd4 a6 31. d6 Rde8 32. Rxe8 Rxe8 33. Ne4 Kg7 34. Nc5 Qc6 35. b4 a5 36. d7 Rd8 37. Rd6 1-0

[Event "Pardubice Czech op-E 35th"]
[Site "Pardubice"]
[Date "2024.07.14"]
[Round "6.2"]
[White "Stinka, Jakub"]
[Black "Svoboda, Vaclav1"]
[Result "1-0"]
[WhiteElo "2345"]
[BlackElo "2387"]
[PlyCount "57"]
[EventDate "2024.07.11"]
[EventType "team-swiss"]
[EventRounds "7"]
[EventCountry "CZE"]
[SourceTitle "CBM 221 Extra"]
[Source "ChessBase"]
[SourceDate "2024.09.30"]
[SourceVersion "1"]
[SourceVersionDate "2024.09.30"]
[SourceQuality "1"]
[WhiteTeam "Pisek"]
[BlackTeam "Praha Oaza"]
[WhiteTeamCountry "CZE"]
[BlackTeamCountry "CZE"]

1. d4 d5 2. c4 c6 3. Nf3 Nf6 4. Nc3 e6 5. e3 Nbd7 6. a3 Bd6 7. Bd3 0-0 8. 0-0 h6 9. e4 dxe4 10. Nxe4 Nxe4 11. Bxe4 e5 12. Bc2 Re8 13. Re1 exd4 14. Rxe8+ Qxe8 15. Qxd4 Bc7 16. Bd2 Nf8 17. Bc3 f6 18. Bb4 Qh5 19. Bxf8 Kxf8 20. Nh4 Be6 21. Re1 c5 22. Qe4 Re8 23. Ng6+ Kf7 24. f4 Bd7 25. Qxe8+ Bxe8 26. Re7+ Kg8 27. Rxe8+ Kf7 28. Re7+ Kg8 29. Rxc7 1-0

[Event "Pardubice Czech op-E 35th"]
[Site "Pardubice"]
[Date "2024.07.13"]
[Round "5.2"]
[White "Skypala, Ondrej"]
[Black "Stinka, Jakub"]
[Result "0-1"]
[WhiteElo "2223"]
[BlackElo "2345"]
[PlyCount "154"]
[EventDate "2024.07.11"]
[EventType "team-swiss"]
[EventRounds "7"]
[EventCountry "CZE"]
[SourceTitle "CBM 221 Extra"]
[Source "ChessBase"]
[SourceDate "2024.09.30"]
[SourceVersion "1"]
[SourceVersionDate "2024.09.30"]
[SourceQuality "1"]
[WhiteTeam "Kobylisy"]
[BlackTeam "Pisek"]
[WhiteTeamCountry "CZE"]
[BlackTeamCountry "CZE"]

1. c4 e6 2. g3 Nf6 3. Bg2 d5 4. Nf3 dxc4 5. 0-0 a6 6. Na3 b5 7. Ne5 Nd5 8. d3 Bd6 9. dxc4 Bxe5 10. cxd5 exd5 11. Bxd5 c6 12. Bg2 0-0 13. Qxd8 Rxd8 14. Nc2 Be6 15. f4 Bf6 16. e4 Nd7 17. e5 Be7 18. Ne3 Bc5 19. Bxc6 Rac8 20. Be4 Bb6 21. Kf2 Nc5 22. Bc2 Nd3+ 23. Bxd3 Rxd3 24. Ke2 Rxe3+ 25. Bxe3 Bg4+ 26. Kd3 Rd8+ 27. Ke4 f5+ 28. exf6 Re8+ 29. Kd5 Bxe3 30. fxg7 Be2 31. Rfe1 Bd2 32. Rxe2 Rxe2 33. a4 Rxh2 34. axb5 axb5 35. Ra7 Re2 36. Rb7 b4 37. f5 Bg5 38. Rxb4 Bf6 39. Rb8+ Kxg7 40. Rb7+ Kh6 41. g4 Re5+ 42. Kd6 Re4 43. b4 Rxg4 44. b5 Rb4 45. Ke6 Kg5 46. Rxh7 Rxb5 47. Rh1 Re5+ 48. Kf7 Re7+ 49. Kf8 Ra7 50. Rf1 Be5 51. Ke8 Kf6 52. Kd8 Ra4 53. Kd7 Bf4 54. Kc6 Kxf5 55. Kd5 Ra8 56. Rh1 Rd8+ 57. Kc4 Ke4 58. Rh5 Rd1 59. Rh3 Rd4+ 60. Kc3 Rd6 61. Kc2 Rd7 62. Rc3 Rd2+ 63. Kb3 Be5 64. Rh3 Kd5 65. Rh4 Rb2+ 66. Ka4 Bd4 67. Ka3 Rb7 68. Ka4 Kc4 69. Rh5 Bf2 70. Rf5 Bc5 71. Rf4+ Bd4 72. Rf5 Rb2 73. Rf3 Rb4+ 74. Ka3 Rb6 75. Ka2 Rb2+ 76. Ka3 Re2 77. Ka4 Be3 0-1

[Event "Pardubice Czech op-E 35th"]
[Site "Pardubice"]
[Date "2024.07.12"]
[Round "3.2"]
[White "Kopriva, Martin"]
[Black "Stinka, Jakub"]
[Result "1-0"]
[WhiteElo "2159"]
[BlackElo "2345"]
[PlyCount "98"]
[EventDate "2024.07.11"]
[EventType "team-swiss"]
[EventRounds "7"]
[EventCountry "CZE"]
[SourceTitle "CBM 221 Extra"]
[Source "ChessBase"]
[SourceDate "2024.09.30"]
[SourceVersion "1"]
[SourceVersionDate "2024.09.30"]
[SourceQuality "1"]
[WhiteTeam "Makovice"]
[BlackTeam "Pisek"]
[WhiteTeamCountry "CZE"]
[BlackTeamCountry "CZE"]

1. e4 c5 2. Nf3 Nc6 3. d4 cxd4 4. Nxd4 Nf6 5. Nc3 d6 6. f3 e5 7. Nb3 Be7 8. Be3 0-0 9. Qd2 a5 10. Bb5 Be6 11. 0-0-0 Nb4 12. a3 Qc7 13. Kb1 d5 14. axb4 d4 15. Bxd4 exd4 16. Qxd4 Bxb3 17. cxb3 axb4 18. Na4 Ra5 19. Be2 b5 20. Qb6 Rc8 21. Rc1 Qxb6 22. Rxc8+ Qd8 23. Rxd8+ Bxd8 24. Rd1 Bc7 25. Nc5 Ra8 26. g3 Rd8 27. Rxd8+ Bxd8 28. Bxb5 Be7 29. Na6 g5 30. Kc2 Bd6 31. Kd3 h5 32. Kd4 Be7 33. e5 Nh7 34. f4 gxf4 35. gxf4 h4 36. h3 Bf8 37. Bd3 Be7 38. Bxh7+ Kxh7 39. f5 Kh6 40. f6 Bf8 41. Ke3 Kg6 42. Ke4 Kg5 43. Nc7 Bc5 44. Nd5 Kg6 45. Kf4 Bf8 46. Ne7+ Kh7 47. Kf5 Kh6 48. Nc8 Kh7 49. Nd6 Kg8 1-0

[Event "Pardubice Czech op-E 35th"]
[Site "Pardubice"]
[Date "2024.07.11"]
[Round "1.2"]
[White "Duris, Ivan"]
[Black "Stinka, Jakub"]
[Result "0-1"]
[WhiteElo "1930"]
[BlackElo "2345"]
[PlyCount "90"]
[EventDate "2024.07.11"]
[EventType "team-swiss"]
[EventRounds "7"]
[EventCountry "CZE"]
[SourceTitle "CBM 221 Extra"]
[Source "ChessBase"]
[SourceDate "2024.09.30"]
[SourceVersion "1"]
[SourceVersionDate "2024.09.30"]
[SourceQuality "1"]
[WhiteTeam "Lokomotiva Caissa III"]
[BlackTeam "Pisek"]
[WhiteTeamCountry "CZE"]
[BlackTeamCountry "CZE"]

1. e4 c5 2. Nf3 d6 3. Bc4 Nf6 4. d3 Nc6 5. h3 e6 6. a3 Be7 7. 0-0 0-0 8. Nc3 a6 9. Bg5 b5 10. Ba2 Bb7 11. Re1 Rc8 12. Qd2 Re8 13. Rad1 h6 14. Bf4 Nd7 15. Ne2 Nde5 16. Nxe5 Nxe5 17. c3 Bf6 18. Bg3 Qb6 19. Qe3 d5 20. f4 Ng6 21. e5 Be7 22. d4 cxd4 23. Nxd4 Bc5 24. Bb1 Ne7 25. Bf2 Nc6 26. Qd3 g6 27. Qg3 Nxd4 28. cxd4 Bf8 29. h4 h5 30. Re3 Bg7 31. Bxg6 fxg6 32. Qxg6 Qc7 33. Qxh5 Qf7 34. Qf3 Bh6 35. g3 Rc2 36. Rb3 Qf5 37. Rf1 Kh7 38. Be3 Rg8 39. Rf2 Rc4 40. Kh2 Bc6 41. Rg2 Rg4 42. Rd2 Be8 43. Bf2 Bg6 44. Re2 Bh5 45. Qe3 Rxh4+ 0-1

[Event "Ceske Budejovice GM-A"]
[Site "Ceske Budejovice"]
[Date "2024.07.06"]
[Round "8"]
[White "Stinka, Jakub"]
[Black "Gretarsson, Helgi Ass"]
[Result "0-1"]
[WhiteElo "2345"]
[BlackElo "2485"]
[PlyCount "66"]
[EventDate "2024.06.29"]
[EventType "tourn"]
[EventRounds "9"]
[EventCountry "CZE"]
[EventCategory "8"]
[SourceTitle "CBM 221 Extra"]
[Source "ChessBase"]
[SourceDate "2024.09.30"]
[SourceVersion "1"]
[SourceVersionDate "2024.09.30"]
[SourceQuality "1"]

1. d4 g6 2. c4 Bg7 3. e4 d6 4. Nc3 c5 5. d5 Bxc3+ 6. bxc3 e5 7. f4 Qf6 8. Qf3 Nd7 9. g3 h5 10. h4 Nb6 11. fxe5 Qxe5 12. Bf4 Qe7 13. Qe3 Nf6 14. Bd3 Ng4 15. Qe2 Ne5 16. Nf3 Bg4 17. Bxe5 Bxf3 18. Qxf3 Qxe5 19. 0-0 0-0-0 20. Rab1 Nd7 21. Bc2 g5 22. Ba4 gxh4 23. Qf4 Qxc3 24. Qxd6 Qe3+ 25. Kh2 Nf6 26. Qf4 Qxg3+ 27. Qxg3 hxg3+ 28. Kh3 Nxe4 29. Rbe1 Nd6 30. Kxg3 Rhg8+ 31. Kh3 Rg4 32. Bb3 Rdg8 33. Rf6 Ne4 0-1

[Event "Ceske Budejovice GM-A"]
[Site "Ceske Budejovice"]
[Date "2024.07.05"]
[Round "7"]
[White "Kaczmarek, Aleksander"]
[Black "Stinka, Jakub"]
[Result "0-1"]
[WhiteElo "2374"]
[BlackElo "2345"]
[PlyCount "98"]
[EventDate "2024.06.29"]
[EventType "tourn"]
[EventRounds "9"]
[EventCountry "CZE"]
[EventCategory "8"]
[SourceTitle "CBM 221 Extra"]
[Source "ChessBase"]
[SourceDate "2024.09.30"]
[SourceVersion "1"]
[SourceVersionDate "2024.09.30"]
[SourceQuality "1"]

1. e4 e5 2. Nf3 Nc6 3. d4 exd4 4. Bc4 Nf6 5. e5 d5 6. Bb5 Nd7 7. 0-0 Be7 8. Bf4 0-0 9. Re1 Nc5 10. Bxc6 bxc6 11. Nxd4 Bd7 12. Nc3 Ne6 13. Bg3 Rb8 14. Rb1 Nxd4 15. Qxd4 Be6 16. Qxa7 c5 17. Red1 Qc8 18. Qa3 Ra8 19. Na4 Bd7 20. b3 Bxa4 21. bxa4 Qe6 22. a5 Ra7 23. f4 g6 24. Qa4 Rfa8 25. Be1 c4 26. h3 Bc5+ 27. Kh2 Be3 28. Bg3 Rxa5 29. Rb8+ Rxb8 30. Qxa5 c6 31. Rf1 Qf5 32. Qc7 Rc8 33. Qb7 h5 34. Kh1 d4 35. a4 d3 36. cxd3 cxd3 37. a5 d2 38. Qb3 Rd8 39. Qxe3 d1Q 40. Rxd1 Rxd1+ 41. Kh2 Qd3 42. Qa7 Qf1 43. Bf2 Qh1+ 44. Kg3 Rd3+ 45. Be3 Qe1+ 46. Kf3 Qf1+ 47. Ke4 Rb3 48. Qc5 Qxg2+ 49. Kd4 Rxe3 0-1

[Event "Ceske Budejovice GM-A"]
[Site "Ceske Budejovice"]
[Date "2024.07.04"]
[Round "6"]
[White "Stinka, Jakub"]
[Black "Colbow, Collin"]
[Result "1/2-1/2"]
[WhiteElo "2345"]
[BlackElo "2413"]
[PlyCount "42"]
[EventDate "2024.06.29"]
[EventType "tourn"]
[EventRounds "9"]
[EventCountry "CZE"]
[EventCategory "8"]
[SourceTitle "CBM 221 Extra"]
[Source "ChessBase"]
[SourceDate "2024.09.30"]
[SourceVersion "1"]
[SourceVersionDate "2024.09.30"]
[SourceQuality "1"]

1. d4 Nf6 2. c4 e6 3. Nf3 d5 4. Nc3 Be7 5. Bg5 0-0 6. e3 h6 7. Bh4 b6 8. Qb3 Bb7 9. Bxf6 Bxf6 10. cxd5 exd5 11. Be2 Re8 12. 0-0 c6 13. Rfe1 Nd7 14. e4 dxe4 15. Bc4 Rf8 16. Nxe4 Qc7 17. Rac1 Rae8 18. Re3 c5 19. d5 Bd4 20. Ree1 Be5 21. Rcd1 Bd6 1/2-1/2

[Event "Ceske Budejovice GM-A"]
[Site "Ceske Budejovice"]
[Date "2024.07.02"]
[Round "4"]
[White "Stinka, Jakub"]
[Black "Svanda, Ondrej"]
[Result "1/2-1/2"]
[WhiteElo "2345"]
[BlackElo "2414"]
[PlyCount "41"]
[EventDate "2024.06.29"]
[EventType "tourn"]
[EventRounds "9"]
[EventCountry "CZE"]
[EventCategory "8"]
[SourceTitle "CBM 221 Extra"]
[Source "ChessBase"]
[SourceDate "2024.09.30"]
[SourceVersion "1"]
[SourceVersionDate "2024.09.30"]
[SourceQuality "1"]

1. d4 Nf6 2. c4 e6 3. Nc3 Bb4 4. Nf3 0-0 5. Bg5 c5 6. e3 h6 7. Bh4 cxd4 8. exd4 d5 9. Bd3 dxc4 10. Bxc4 b6 11. 0-0 Bb7 12. Ne5 Nbd7 13. Qe2 Bxc3 14. bxc3 Rc8 15. Bd3 Rxc3 16. Nxd7 Qxd7 17. Bxf6 gxf6 18. Qg4+ Kh8 19. Qh3 Kg7 20. Qg3+ Kh8 21. Qh3 1/2-1/2

[Event "Plzen A2 12th"]
[Site "Plzen"]
[Date "2024.02.23"]
[Round "8"]
[White "Stinka, Jakub"]
[Black "Pujari, Rucha"]
[Result "1-0"]
[WhiteElo "2333"]
[BlackElo "2071"]
[PlyCount "53"]
[EventDate "2024.02.17"]
[EventType "tourn"]
[EventRounds "9"]
[EventCountry "CZE"]
[EventCategory "1"]
[SourceTitle "CBM 218 Extra"]
[Source "ChessBase"]
[SourceDate "2024.03.31"]
[SourceVersion "1"]
[SourceVersionDate "2024.03.31"]
[SourceQuality "1"]

1. d4 d5 2. c4 e6 3. Nc3 Nf6 4. cxd5 exd5 5. Bg5 c6 6. e3 Bd6 7. Bd3 0-0 8. Nf3 Re8 9. 0-0 h6 10. Bh4 Be6 11. Ne5 c5 12. Bb5 Rf8 13. f4 cxd4 14. exd4 Be7 15. Qd3 Nfd7 16. Bxe7 Qxe7 17. Rae1 Nxe5 18. Rxe5 Qb4 19. f5 Bd7 20. Rxd5 Bc6 21. f6 g6 22. Bc4 Kh7 23. Rh5 Qxb2 24. Rxh6+ Kxh6 25. Qh3+ Kg5 26. Qg3+ Kh5 27. Be2+ 1-0

[Event "Plzen A2 12th"]
[Site "Plzen"]
[Date "2024.02.20"]
[Round "4"]
[White "Stinka, Jakub"]
[Black "Pribyl, Josef"]
[Result "1-0"]
[WhiteElo "2333"]
[BlackElo "2221"]
[PlyCount "67"]
[EventDate "2024.02.17"]
[EventType "tourn"]
[EventRounds "9"]
[EventCountry "CZE"]
[EventCategory "1"]
[SourceTitle "CBM 218 Extra"]
[Source "ChessBase"]
[SourceDate "2024.03.31"]
[SourceVersion "1"]
[SourceVersionDate "2024.03.31"]
[SourceQuality "1"]

1. d4 Nf6 2. c4 g6 3. Nc3 d5 4. cxd5 Nxd5 5. e4 Nxc3 6. bxc3 Bg7 7. Nf3 0-0 8. Be2 b6 9. 0-0 Bb7 10. Qc2 Nd7 11. Bg5 Qe8 12. Rfe1 e5 13. Rad1 h6 14. Bh4 exd4 15. cxd4 Bxe4 16. Qxc7 Qc8 17. Qxc8 Raxc8 18. Be7 Rfe8 19. Ba6 Rc7 20. Bd6 Rc6 21. Bg3 Rce6 22. Bb5 Bxf3 23. Rxe6 fxe6 24. gxf3 Re7 25. Bd6 Rf7 26. Bc4 Bf8 27. d5 e5 28. Bc7 Rf6 29. d6+ Kh7 30. Bb5 Rf7 31. Bd8 Nc5 32. d7 Ne6 33. Bc7 Bc5 34. Bc4 1-0

[Event "CZE-chT1W 2324"]
[Site "Czech Republic"]
[Date "2024.02.04"]
[Round "7.2"]
[White "Mikes, Jan"]
[Black "Stinka, Jakub"]
[Result "1-0"]
[WhiteElo "2351"]
[BlackElo "2309"]
[PlyCount "67"]
[EventDate "2023.10.29"]
[EventType "team-tourn"]
[EventRounds "11"]
[EventCountry "CZE"]
[SourceTitle "EXT 2025"]
[Source "ChessBase"]
[SourceDate "2024.10.14"]
[SourceVersion "1"]
[SourceVersionDate "2024.10.14"]
[SourceQuality "1"]
[WhiteTeam "Litomerice Slavoj"]
[BlackTeam "Pankrac"]
[WhiteTeamCountry "CZE"]
[BlackTeamCountry "CZE"]

1. e4 e5 2. Nc3 Nf6 3. g3 d5 4. exd5 c6 5. dxc6 Nxc6 6. Bg2 Bg4 7. Bf3 h5 8. h3 Bf5 9. d3 Bb4 10. Bd2 Qe7 11. Bxc6+ bxc6 12. Qf3 Qe6 13. 0-0-0 0-0 14. Re1 Bxc3 15. Bxc3 e4 16. Qf4 Nd5 17. Qd2 Nxc3 18. Qxc3 Qxa2 19. dxe4 Bxe4 20. Rxe4 Qa1+ 21. Kd2 Rad8+ 22. Ke3 Rd1 23. Kf3 Rxg1 24. Rxg1 Qxg1 25. Re1 Qh2 26. h4 Qh3 27. Qxc6 Kh7 28. Qc5 Qg4+ 29. Kg2 Rc8 30. Qxa7 Rxc2 31. Qxf7 Rxb2 32. Re5 Kh6 33. Re8 Kh7 34. Qg8+ 1-0

[Event "CZE-chT1W 2324"]
[Site "Czech Republic"]
[Date "2023.11.12"]
[Round "2.2"]
[White "Smolik, Jachym"]
[Black "Stinka, Jakub"]
[Result "1-0"]
[WhiteElo "2339"]
[BlackElo "2309"]
[PlyCount "59"]
[EventDate "2023.10.29"]
[EventType "team-tourn"]
[EventRounds "11"]
[EventCountry "CZE"]
[SourceTitle "EXT 2025"]
[Source "ChessBase"]
[SourceDate "2024.10.14"]
[SourceVersion "1"]
[SourceVersionDate "2024.10.14"]
[SourceQuality "1"]
[WhiteTeam "Ricany Betsys"]
[BlackTeam "Pankrac"]
[WhiteTeamCountry "CZE"]
[BlackTeamCountry "CZE"]

1. c4 e6 2. Nc3 d5 3. d4 Nf6 4. cxd5 exd5 5. Bg5 c6 6. e3 h6 7. Bh4 Be7 8. Qc2 0-0 9. Bd3 Nbd7 10. f3 Re8 11. Nge2 a5 12. 0-0 b5 13. Bf2 Ba6 14. Rac1 Qb6 15. Bf5 Qb7 16. e4 g6 17. Bh3 Nb6 18. e5 Nh5 19. g4 Ng7 20. f4 b4 21. Nd1 Ne6 22. f5 Bg5 23. Be3 Bxe3+ 24. Nxe3 Ng5 25. Bg2 Ne4 26. fxg6 fxg6 27. Bxe4 dxe4 28. Rf6 Bd3 29. Qxc6 Qxc6 30. Rcxc6 1-0